LEADER 03875nam 2200673Ia 450 001 996197712703316 005 20240418063058.0 010 $a1-78268-712-2 010 $a1-281-31227-4 010 $a9786611312275 010 $a0-470-70404-7 010 $a0-470-99653-6 010 $a0-470-99727-3 010 $a1-4175-3641-1 035 $a(CKB)1000000000415079 035 $a(EBL)350884 035 $a(OCoLC)476169462 035 $a(SSID)ssj0000126176 035 $a(PQKBManifestationID)11143034 035 $a(PQKBTitleCode)TC0000126176 035 $a(PQKBWorkID)10030566 035 $a(PQKB)10029228 035 $a(MiAaPQ)EBC350884 035 $a(Au-PeEL)EBL350884 035 $a(CaPaEBR)ebr10240424 035 $a(CaONFJC)MIL131227 035 $a(PPN)148593763 035 $a(EXLCZ)991000000000415079 100 $a20020603d2003 uy 0 101 0 $aeng 135 $aur|n|---||||| 181 $ctxt 182 $cc 183 $acr 200 02$aA companion to Shakespeare's works$hVolume I$iThe tragedies$b[electronic resource] /$fedited by Richard Dutton and Jean E. Howard 205 $a1st ed. 210 $aMalden, MA $cBlackwell Pub.$d2003 215 $a1 online resource (504 p.) 225 1 $aBlackwell companions to literature and culture ;$v17 300 $aDescription based upon print version of record. 311 $a0-631-22632-X 320 $aIncludes bibliographical references and index. 327 $aA Companion to Shakespeare's Works; Contents; Notes on Contributors; Introduction; 1 "A rarity most beloved": Shakespeare and the Idea of Tragedy; 2 The Tragedies of Shakespeare's Contemporaries; 3 Minds in Company: Shakespearean Tragic Emotions; 4 The Divided Tragic Hero; 5 Disjointed Times and Half-Remembered Truths in Shakespearean Tragedy; 6 Reading Shakespeare's Tragedies of Love: Romeo and Juliet, Othello, and Antony and Cleopatra in Early Modern England; 7 Hamlet Productions Starring Beale, Hawke, and Darling From the Perspective of Performance History; 8 Text and Tragedy 327 $a9 Shakespearean Tragedy and Religious Identity10 Shakespeare's Roman Tragedies; 11 Tragedy and Geography; 12 Classic Film Versions of Shakespeare's Tragedies: A Mirror for the Times; 13 Contemporary Film Versions of the Tragedies; 14 Titus Andronicus: A Time for Race and Revenge; 15 "There is no world without Verona walls": The City in Romeo and Juliet; 16 "He that thou knowest thine": Friendship and Service in Hamlet; 17 Julius Caesar; 18 Othello and the Problem of Blackness; 19 King Lear; 20 Macbeth, the Present, and the Past 327 $a21 The Politics of Empathy in Antony and Cleopatra: A View from Below22 Timon of Athens: The Dialectic of Usury, Nihilism, and Art; 23 Coriolanus and the Politics of Theatrical Pleasure; Index 330 $aThis four-volume Companion to Shakespeare's Works, compiled as a single entity, offers a uniquely comprehensive snapshot of current Shakespeare criticism. Brings together new essays from a mixture of younger and more established scholars from around the world - Australia, Canada, France, New Zealand, the United Kingdom, and the United States. Examines each of Shakespeare's plays and major poems, using all the resources of contemporary criticism, from performance studies to feminist, historicist, and textual analysis. Volumes are organized in relation to g 410 0$aBlackwell companions to literature and culture ;$v17. 606 $aEnglish drama (Tragedy) 615 0$aEnglish drama (Tragedy) 676 $a822.33 701 $aDutton$b Richard$f1948-$0165045 701 $aHoward$b Jean E$g(Jean Elizabeth),$f1948-$0503277 801 0$bMiAaPQ 801 1$bMiAaPQ 801 2$bMiAaPQ 906 $aBOOK 912 $a996197712703316 996 $aA companion to Shakespeare's works$91887059 997 $aUNISA LEADER 01338nam0 22003011i 450 001 UON00168927 005 20231205103044.536 010 $a88-8450-018-4 100 $a20030506d2001 |0itac50 ba 101 $aita 102 $aIT 105 $a|||| ||||| 200 1 $aPoetria nova$ea CD-ROM of Latin Medieval Poetry (650-1250 A.D.) with a gateway to Classical and Late Antiquity Texts$fby Paolo Mastandrea and Luigi Tessarolo 210 $aFlorence$cSISMEL, Edizioni del Galluzzo$d2001 215 $a1 CD-ROM$e1 v. (Manuale di riferimento = User's Manual) 606 $aPOESIA LATINA MEDIEVALE$3UONC034148$2FI 620 $aIT$dFirenze$3UONL000052 676 $a871$cPoesia latina$v21 700 1$aMASTANDREA$bPaolo$3UONV057273$0173376 701 1$aTESSAROLO$bLuigi$3UONV098967$0173377 712 $aEdizioni del Galluzzo$3UONV260310$4650 801 $aIT$bSOL$c20241115$gRICA 912 $aUON00168927 950 $aSIBA - SISTEMA BIBLIOTECARIO DI ATENEO$dSI UFFICIO BIBLIOTECA CD-ROM/DVD $eSI MC 26830 6 950 $aSIBA - SISTEMA BIBLIOTECARIO DI ATENEO$dSI UFFICIO BIBLIOTECA Smarrito $eSI MC 26831 6 $sSmarrito 996 $aPoetria nova$91281972 997 $aUNIOR 998 $a1